00753nam a2200181Ia 4500008004100000020001500041050002100056100003400077245012000111260003400231300002400265500002500289505012300314650002600437650004500463700003200508700003100540120720s1986 usa 000 0 eng d a047187695X aTS156 bW25 1986 aWadsworth, Harrison M.eautor aModern methods for quality control and improvement c / Harrison M. Wadsworth, Kenneth s. Stephens, Blanton Godfrey aNew Yorkb : J. Wileyc, 1986 axiii, 690 páginas aIndex: (pp. 681-690) aIntroduction Statiscal process control Methods for quality improvement Acceptance sampling Methods for design quality  0aCONTROL DE CALIDAD  0aCONTROL DE CALIDADxMETODOS ESTADISTICOS aStephens, Kenneth S.eautor aGodfrey, Blanton A.eautor